El significado de la realidad / (Record no. 53607)
[ view plain ]
| 000 -CABECERA | |
|---|---|
| campo de control de longitud fija | 00746nam a2200229 a 4500 |
| 005 - FECHA Y HORA DE LA ÚLTIMA TRANSACCIÓN | |
| campo de control | 20231020063932.0 |
| 008 - ELEMENTOS DE LONGITUD FIJA--INFORMACIÓN GENERAL | |
| campo de control de longitud fija | 991125s1984 mad 000 0 spa u |
| 020 ## - NÚMERO INTERNACIONAL NORMALIZADO PARA LIBROS | |
| Número Internacional Estándar del Libro | 8423964604 |
| 035 ## - NÚMERO DE CONTROL DEL SISTEMA | |
| Número de control de sistema | UPN01000053607 |
| 049 ## - COLECCIÓN | |
| Colección | CG |
| 050 #4 - SIGNATURA TOPOGRÁFICA DE LA BIBLIOTECA DEL CONGRESO | |
| Número de clasificación | QC173.7 E7.78a |
| Número de documento/Ítem | 1984 |
| 100 1# - ASIENTO PRINCIPAL--NOMBRE PERSONAL | |
| Nombre de persona | Einstein, Albert, |
| Fechas asociadas al nombre | 1879-1955 |
| 9 (RLIN) | 12872 |
| 245 13 - MENCIÓN DE TÍTULO | |
| Título | El significado de la realidad / |
| Mención de responsabilidad, etc. | Albert Einstein ; tr. Carlos E. Prélat |
| 260 ## - PUBLICACIÓN, DISTRIBUCIÓN, ETC. | |
| Lugar de publicación, distribución, etc. | Madrid : |
| Nombre del editor, distribuidor, etc. | Espasa-Calpe, |
| Fecha de publicación, distribución, etc. | 1984 |
| 300 ## - DESCRIPCIÓN FÍSICA | |
| Extensión | 200 p |
| 440 #0 - MENCIÓN DE SERIE/ASIENTO SECUNDARIO--TÍTULO | |
| Título | Nueva ciencia, nueva técnica |
| 500 ## - NOTA GENERAL | |
| Nota general | "Con la inclusión de un apéndice sobre la teoria relativista del campo no simétrico" |
| 650 #2 - ASIENTO SECUNDARIO DE MATERIA - TERMINO TEMATICO | |
| Término de materia o nombre geográfico como elemento de entrada | Relatividad (Física) |
| 9 (RLIN) | 5019 |
| 650 #4 - ASIENTO SECUNDARIO DE MATERIA - TERMINO TEMATICO | |
| Término de materia o nombre geográfico como elemento de entrada | TEORIA DEL CAMPO UNIFICADO |
| 904 ## - ELEMENTOS DE DATOS D LOCAL, LDD (RLIN) | |
| a | AC |
| b | 053609 |
| 905 ## - TIPO DE MATERIAL | |
| Tipo de material | Libro |
| Estado de retiro | Estado de pérdida | Fuente del sistema de clasificación o colocación | Estado dañado | No para préstamo | Código de colección | Localización permanente | Ubicación/localización actual | Ubicación en estantería | Enumeración/cronología de publicación seriada | Total de préstamos | Clasificación | Código de barras | Fecha visto por última vez | Número de copia | Tipo de ítem Koha |
|---|---|---|---|---|---|---|---|---|---|---|---|---|---|---|---|
| Library of Congress Classification | Colección General | Bib. Gregorio Torres Quintero | Bib. Gregorio Torres Quintero | Planta baja | - | QC173.7 E7.78a 1984 | 86564 | 31/12/2020 | 1 | Libro |
